000 00430nam a2200181Ia 4500
005 20240722023646.0
008 240331s9999 xx 000 0 und d
020 _a0500270880
082 _a210
_bMOO
100 _aMookergee,A
245 4 _aThe tantric way :
_bart science,ritual
260 _aLondon
_bThames and Hudson Ltd
_c1977
300 _a 208 p .,
650 _aArt
650 _aScience
650 _aRitual
942 _cL
999 _c812
_d812